00541nam a22001577a 4500003000400000082001800004100001800022245010200040260004800142300000700190650001700197653003000214942001200244952011000256999001700366SGT a617.643bE24S aSaini, Saumya aEvaluation of Orthodontic Archwire Surfaces and microbial adhesion during fixed appliance therapy aSGT UniversitybDept. of Orthodonticsc2024 a96 aOrthodontics aFaculty of Dental Scienes 2ddccTH 00102ddc4071aFDbFDcREFd2024-10-04iSGTUo617.643 E24SpDT2114r2024-10-04 00:00:00w2024-10-04yTH c27104d27104